Eastern Roman mounted archers and extraordinary medico-surgical interventions at Paliokastro in Thasos Island during the Protobyzantine period : the historical and medical history records and the archaeo-anthropological evidence /
A recent archaeological discovery at Paliokastro (Thasos, Greece), and the subsequent study of the human skeletal remains interred in four monumental funerary contexts, provide for the first time through the archaeological record of the region a unique insight of the mounted archers and their female...
المؤلف الرئيسي:
التنسيق: كتاب الكتروني
اللغة: English
منشور في:
Oxford :
Archaeopress Access Archaeology,
2020.
سلاسل:
Access archaeology.
الموضوعات:
الوصول للمادة أونلاين: Login to view Source
الوسوم: إضافة وسم
رقم الطلب: DF261.T2
| LEADER | 02183nam a2200433 i 4500 | ||
|---|---|---|---|
| 001 | EDZ0002251099 | ||
| 003 | StDuBDS | ||
| 005 | 20230412182808.0 | ||
| 006 | m|||||o||d|||||||| | ||
| 007 | cr ||||||||||| | ||
| 008 | 200505s2020 enka fob 000|0|eng|d | ||
| 020 | |a 9781789696028 (ebook) : |c No price | ||
| 040 | |a StDuBDS |b eng |c StDuBDS |e rda |e pn | ||
| 050 | 4 | |a DF261.T2 | |
| 082 | 0 | 4 | |a 939.11 |2 23 |
| 100 | 1 | |a Agelarakis, Anagnostis P., |d 1956- |e author. | |
| 245 | 1 | 0 | |a Eastern Roman mounted archers and extraordinary medico-surgical interventions at Paliokastro in Thasos Island during the Protobyzantine period : |b the historical and medical history records and the archaeo-anthropological evidence / |c Anagnostis P. Agelarakis. |
| 264 | 1 | |a Oxford : |b Archaeopress Access Archaeology, |c 2020. | |
| 300 | |a 1 online resource (iv, 50 pages) : |b illustrations (colour). | ||
| 336 | |a text |2 rdacontent | ||
| 336 | |a still image |2 rdacontent | ||
| 337 | |a computer |2 rdamedia | ||
| 338 | |a online resource |2 rdacarrier | ||
| 490 | 1 | |a Access archaeology | |
| 500 | |a "Available both in print and Open Access"--Home page. | ||
| 504 | |a Includes bibliographical references. | ||
| 506 | 0 | |a Open access. | |
| 520 | 8 | |a A recent archaeological discovery at Paliokastro (Thasos, Greece), and the subsequent study of the human skeletal remains interred in four monumental funerary contexts, provide for the first time through the archaeological record of the region a unique insight of the mounted archers and their female kin during the turbulent ProtoByzantine period. | |
| 521 | |a Specialized. | ||
| 588 | |a Description based on online resource; title from PDF title page (viewed on May 5, 2020). | ||
| 651 | 0 | |a Thasos Island (Greece) |x Antiquities. | |
| 651 | 0 | |a Rome |x History, Military |y 30 B.C.-476 A.D. | |
| 650 | 0 | |a Medicine |z Rome |x History. | |
| 776 | 0 | 8 | |i Print version : |z 9781789696011 |
| 830 | 0 | |a Access archaeology. | |
| 856 | 4 | 0 | |3 Archaeopress |u http://library.arce.org:8087/Archaeopress/Products/9781789696011 |
| 942 | |2 lcc |c EBOOK | ||
| 952 | |0 0 |1 0 |4 0 |6 DF0261 T2 |7 1 |9 46690 |a ARCH |b ARCH |d 2023-04-12 |l 0 |o DF261.T2 |r 2023-04-12 00:00:00 |w 2023-04-12 |y EBOOK | ||
| 999 | |c 52348 |d 52348 | ||
